Kinh dịch tân giải
محفوظ في:
| المؤلف الرئيسي: | |
|---|---|
| التنسيق: | كتاب |
| اللغة: | Undetermined |
| منشور في: |
Tp. HCM
Tp. HCM
1996
|
| الموضوعات: | |
| الوسوم: |
إضافة وسم
لا توجد وسوم, كن أول من يضع وسما على هذه التسجيلة!
|
| Thư viện lưu trữ: | Trung tâm Học liệu Trường Đại học Cần Thơ |
|---|
| LEADER | 00553nam a2200181Ia 4500 | ||
|---|---|---|---|
| 001 | CTU_53306 | ||
| 008 | 210402s9999 xx 000 0 und d | ||
| 020 | |b 22000 | ||
| 082 | |a 181.11 | ||
| 082 | |b H125 | ||
| 100 | |a Tôn Đức Hậu | ||
| 245 | 0 | |a Kinh dịch tân giải | |
| 245 | 0 | |c Tôn Đức Hậu; Doãn Chính, Trương Giới và Trương Văn Chung biên dịch | |
| 260 | |a Tp. HCM | ||
| 260 | |b Tp. HCM | ||
| 260 | |c 1996 | ||
| 650 | |a philosophy, chinese | ||
| 980 | |a Trung tâm Học liệu Trường Đại học Cần Thơ | ||